000 00634nam a22001697a 4500
999 _c14993
_d14993
008 200204b ||||| |||| 00| 0 eng d
082 _22014
_aUT 1438
_bV54
100 _aVelasco, Sedfrey
_941620
245 _aMobile Game Application with HTML5 Support for Browser Devices/
_cSedfrey Velasco,Winston Erzie Resada & Deneca Cenita
260 _aDigos City
_bUMDC
_cMarch 2014
300 _a188 pages
_c30 cm
650 _aTechnical Education
_vInformation Technology
_xUndergraduate Thesis
_941335
700 _aVelasco, Sedfrey
_941621
700 _aResada, Winston Erzie
_941622
700 _aCenita, Deneca
_941623
942 _2ddc
_cUT